[Event "GRE-ch Online Blitz op 1st"]
[Site "Tornelo INT"]
[Date "2021.02.07"]
[Round "13"]
[White "Diamantis, Angelos"]
[Black "Stoimenidis, Markos"]
[Result "1-0"]
[WhiteElo "1128"]
[BlackElo "1074"]
[PlyCount "55"]
[EventDate "2021.02.07"]
[EventType "swiss (blitz)"]
[EventRounds "16"]
[EventCountry "GRE"]
[SourceTitle "EXT 2023"]
[Source "ChessBase"]
[SourceDate "2022.10.05"]
[SourceVersion "1"]
[SourceVersionDate "2022.10.05"]
[SourceQuality "1"]

1. e4 e5 2. Nf3 Nc6 3. Nc3 Nf6 4. Bb5 d6 5. d4 a6 6. Bxc6+ bxc6 7. dxe5 dxe5 8. Qxd8+ Kxd8 9. Nxe5 Ke8 10. Bg5 Bb7 11. Bxf6 gxf6 12. Ng4 h5 13. Nxf6+ Ke7 14. e5 Bg7 15. 0-0-0 Bxf6 16. exf6+ Kxf6 17. Rd7 Rac8 18. Re1 c5 19. f3 Bc6 20. Ne4+ Ke6 21. Nxc5+ Kf5 22. Rxf7+ Kg6 23. Ree7 Rce8 24. Rxe8 Rxe8 25. Rxc7 Bb5 26. Ne4 Bf1 27. Rc6+ Kf5 28. Nd6+ 1-0

[Event "GRE-ch Online Rapid op 1st"]
[Site "Tornelo INT"]
[Date "2021.02.06"]
[Round "4"]
[White "Pantelidis, Kosmas"]
[Black "Diamantis, Angelos"]
[Result "1-0"]
[WhiteElo "1350"]
[BlackElo "1109"]
[PlyCount "117"]
[EventDate "2021.02.06"]
[EventType "swiss (rapid)"]
[EventRounds "8"]
[EventCountry "GRE"]
[SourceTitle "EXT 2023"]
[Source "ChessBase"]
[SourceDate "2022.10.05"]
[SourceVersion "1"]
[SourceVersionDate "2022.10.05"]
[SourceQuality "1"]

1. e4 e5 2. Nf3 Nc6 3. Nc3 Nf6 4. g3 Bb4 5. d3 d5 6. exd5 Nxd5 7. Bd2 Be6 8. Bg2 0-0 9. 0-0 Bxc3 10. bxc3 Qd7 11. Re1 f6 12. Qe2 Bh3 13. Qe4 Bxg2 14. Kxg2 Rae8 15. Rab1 f5 16. Qc4 b6 17. Rb5 e4 18. Ng5 Nce7 19. dxe4 c6 20. Rbb1 fxe4 21. Qxe4 Nf6 22. Qe6+ Qxe6 23. Rxe6 c5 24. Rbe1 Ned5 25. c4 Rxe6 26. Rxe6 Nc7 27. Re7 Nfe8 28. Bf4 h6 29. Ne4 Rf7 30. Rxf7 Kxf7 31. Nd6+ Nxd6 32. Bxd6 Ne6 33. Bb8 a6 34. Ba7 b5 35. cxb5 axb5 36. f4 Kf6 37. Kf2 b4 38. Ke3 Nd4 39. Bxc5 Nxc2+ 40. Kd2 Na3 41. Bxb4 Nc4+ 42. Ke2 Kf5 43. h3 h5 44. a4 h4 45. Kf3 hxg3 46. Kxg3 Ne3 47. a5 Nd5 48. Bd6 g6 49. a6 Nb6 50. a7 Na8 51. Be7 Ke6 52. Bd8 Kf5 53. Bg5 Nc7 54. Kf2 Na8 55. Ke3 Nb6 56. Kd4 Ke6 57. Kc5 Na8 58. Kc6 Kf5 59. Kb7 1-0